|
|
|
|
| LEADER |
00000naa2a2200000 4500 |
| 001 |
395542 |
| 005 |
20231101064634.0 |
| 035 |
|
|
|a (RuTPU)RU\TPU\prd\32869
|
| 090 |
|
|
|a 395542
|
| 100 |
|
|
|a 20050218a2004 k y0rusy50 ca
|
| 101 |
0 |
|
|a rus
|
| 102 |
|
|
|a RU
|
| 200 |
1 |
|
|a Иван Ильин и его "поющее сердце"
|f А. Ф. Киселев
|
| 225 |
1 |
|
|a Школа истории
|
| 300 |
|
|
|a Высшее образование в документах: Журнал в журнале
|
| 461 |
|
1 |
|0 (RuTPU)RU\TPU\prd\1307
|x 1726-667X
|t Высшее образование сегодня
|o научно-практический журнал
|d 2001-
|
| 463 |
|
1 |
|0 (RuTPU)RU\TPU\prd\32169
|t № 11
|v С. 61-68
|d 2004
|
| 600 |
|
1 |
|a Ильин
|g Иван Александрович
|f 1882-1954
|c русский религиозный философ
|b И. А.
|2 stltpui
|3 (RuTPU)RU\TPU\pers\1220
|
| 610 |
1 |
|
|a русская эмиграция
|
| 610 |
1 |
|
|a русские философы
|
| 610 |
1 |
|
|a историко-философское наследие
|
| 610 |
1 |
|
|a биографии
|
| 700 |
|
1 |
|a Киселев
|b А. Ф.
|
| 801 |
|
1 |
|a RU
|b 63413507
|c 20050218
|g PSBO
|
| 801 |
|
2 |
|a RU
|b 63413507
|c 20140730
|g RCR
|
| 942 |
|
|
|c BK
|